000 01272nam a22001577a 4500
041 _aukr
080 _a09
090 _bДРА
100 _aДраганчук Г.А.
245 _aМовні засоби вираження образного простору поезії Джорджа Гордона Байрона
260 _aОстрог
_bКАФ
_c2009
300 _a46
520 _aВСТУП РОЗДІЛ 1 ФУНКЦІОНАЛЬНИЙ АНАЗІЛ ПОЕТИЧНИХ ТЕКСТІВ 1.1 Функціональні особливостіу поезії. 1.2 Лексичний аналіз поетичних текстів. 1.3 Стилістичний аналіз поетичних текстів. РОЗДІЛ 2 ЛЕКСИКО-СТИЛІСТИЧНІ ЗАСОБИ У ПОЕЗІЇ ДЖОРДЖА ГОРДОНА БАЙРОНА 2.1 Фонетичні засоби. 2.1.1 Асонанс. 2.1.2 Алфтерація. 2.2 Семантичні засоби. 2.2.1 Метафори. 2.2.2 Епітети. 2.2.3 Гіпербола. 2.3 Стилістичні засоби. 2.3.1 Синоніми. 2.3.2 Антоніми. 2.3.3 Фразеологічні одиниці. ВИСНОВКИ
_0Поезія,Байрона
650 _aResearch Papers
999 _c284164
_d284164
942 _cBK